Colonias para después de un imperio
Guardado en:
| Autor principal: | |
|---|---|
| Formato: | Libro |
| Lenguaje: | español |
| Publicado: |
Barcelona
Bellaterra
2005
|
| Colección: | Serie General Universitaria, 45
|
| Materias: | |
| Etiquetas: |
Agregar Etiqueta
Sin Etiquetas, Sea el primero en etiquetar este registro!
|
MARC
| LEADER | 00000nam a2200000 a 4500 | ||
|---|---|---|---|
| 001 | UCK9779 | ||
| 003 | CL-VaPUC | ||
| 008 | 060531e20050000SP |||||||||||||||||spa|d | ||
| 020 | |a 8472902854 | ||
| 082 | 0 | 4 | |a 972.79 |b FRA |2 21 |
| 100 | 0 | |a Fradera, Josep M. |e author |9 499696 | |
| 245 | 1 | 0 | |a Colonias para después de un imperio |
| 300 | |a 751 p | ||
| 942 | |c BK | ||
| 945 | |d 20060531 00:00:00 |a jtorresc | ||
| 260 | |a Barcelona |b Bellaterra |c 2005 | ||
| 650 | 0 | |a Historia |9 255047 | |
| 650 | 7 | |a COLONIALISMO EUROPEO |2 CL-VaPUC |9 470002 | |
| 650 | 7 | |a IMPERIO |2 CL-VaPUC |9 255149 | |
| 650 | 0 | |a Independencia |9 344246 | |
| 651 | 7 | |a CUBA |2 CL-VaPUC |9 255263 | |
| 651 | 7 | |a PUERTO RICO |2 CL-VaPUC |9 254988 | |
| 651 | 0 | |a Filipinas |9 258491 | |
| 583 | |a last modification |c 20060531 00:00:00 |k Rodrigo Vera | ||
| 490 | 0 | |a Serie General Universitaria, 45 | |
| 999 | |c 316841 |d 316839 | ||
| 952 | |0 0 |1 0 |4 0 |6 972_790000000000000_FRA_2005 |7 0 |8 A |9 392336 |a BIBHIS |b BIBHIS |d 2019-11-22 |i 423765K |o 972.79 FRA 2005 |p 423765K |r 2025-01-20 |w 2019-11-22 |y BK |k HIS | ||